00991nam a2200217 a 4500001001000000005001700010008004100027041000800068044000600076050002500082100002500107245016500132260006200297300001900359500023200378500003600610500000900646600006200655650003800717700001800755BRCA_422020190320204605.0090610s1931----u--#######---#000-0#eng-# aeng au 4aPQ6343b.F67 1c19311 aFord, Jeremiah D. M.10aCervantesbA Tentative Bibliography of his Works and of the Biographical and Critical Material Concerning himcprepared by Jeremiah D. M. Ford and Ruth Lansing. aCambridge, Massachusetts, U.S.AbHarvard Universityc1931 a239 p.c25 cm. aEstado físico: Presenta 2 hojas repetidas y sueltas, de la pagina 20 se salta a la 39 debido a que fueron recortadas, carece de la pag. 85 a la 239. En general presenta hojas rotas, algunas con anotaciones y manchas de diurex aEjemplar igual a QMB120 (2 ej.) aAM2814aCervantes Saavedra, Miguel ded1547-1616vBibliografías14aLibros ilustradosySiglo XVIII-XX1 aLansing, Ruth